00495nam a2200193 a 4500001001300000003000900013005001700022008004100039020000800080082001800088100002100106245004000127260004000167300000800207500003500215505001700250650001300267700002100280nice12345678IN_TiNIC20260116011432.0050524s1938 boma grp 000 0 eng  ac000a297.822bIVA2 aIvanow, Wladimir aTombs of Some Persian Ismaili Imams aBombaybRoyal Asiatic Societyc1938 a62p aincludes index and biblioraphy2 aBibliography aIsmailis1 aIvanow, Wladimir